01029nam a2200217Ia 4500003000900000008004100009020001800050040001600068080002200084111014900106245031500255260004200570300001400612650004100626650001900667650002200686650002200708700002500730700002700755700002900782IN-BaIIA211028s9999 xx 000 0 eng d a90-277-1273-5 cIIA Library a082.2:52bIAU-S93 aInternational Astronomical Union Symposium no.93 on Fundamental Problems in the theory of Stellar Evolutionc Kyoto Universityd1980 July 22-25 0aFundamental problems in the theory of stellar evolutionbproceedings of the international Astronomical Union Symposium no.93 on fundamental problems in the theory of Stellar Evolution, held in Kyoto University, Kyoto, Japan, July 22-25, 1980cedited by Daiichiro Sugimoto, Donald Q. Lamb, and David N. Schramm. aDordrechtbD. Reidel Publishingc1981 axv, 347p. aAstronomy and Astrophysics Thesaurus aStar formation aStellar Evolution aStellar structure aLamb, Donald Q., ed. aSchramm, David N., ed. aSugimoto, Daichiro., ed.